Представление документа в формате RUSMARC

ПолеНазваниеЗначение
  Тип записи a
  Библиографический уровень a
001 Контрольный номер RU/CBS_UL/BASE/580332266
005 Дата корректировки 20240209175225.4
100 Данные общей обработки __
a Данные общей обработки 20180522d2018 ||| 0rusy0189 ca
101 Язык документа 0_
a Язык текста rus
102 Страна публикации __
a Страна публикации RU
105 Кодированные данные (монография) __
a Кодированные данные (монография) y###||||000|y
200 Заглавие и сведения об ответственности 1_
a Заглавие "В харизме надо родиться"
b Общее обозначение материала Текст
e Сведения, относящиеся к заглавию [семейный альбом премьер-министра Виктора Черномырдина перелистывает его сын]
f Первые сведения об ответственности В. Черномырдин
g Последующие сведения об ответственности мат. подгот. В. Васильева
300 Общие примечания __
a Общие примечания Ограничения по возрасту - 16+
461 Уровень набора _0
1 2000
a Гала Биография
463 Уровень физической единицы _0
1 001RU/CBS_UL/BASE/580326886
1 2000
a № 5
v С. 100-107 : фото
1 210
d 2018
600 Персоналии _0
a Персоналии (Фамилия) Черномырдин
b Персоналии (Имя, инициалы) В.С.
606 Тематические рубрики 0_
a Основная рубрика Черномырдин, Виктор Степанович (1938 - 2010)
610 Ключевые слова 0_
a Ключевые слова государственные деятели
a Ключевые слова государственные деятели российские
a Ключевые слова политические деятели
a Ключевые слова политические деятели российские
a Ключевые слова премьер-министры
a Ключевые слова премьер-министры российские
a Ключевые слова фотоальбомы
686 Индексы других классификаций __
a Классификационный индекс 66.3(2Рос)8
2 Код системы ББК
700 Автор _1
a Фамилия Черномырдин
b Имя (инициалы) В.
801 Источник записи _0
a Страна RU
b Организация МБУК ЦБС г. Ульяновска
c Дата составления 20180522
g Правила каталогизации RCR
801 Источник записи _1
a Страна RU
b Организация МБУК ЦБС г. Ульяновска
c Дата составления 20180522
g Правила каталогизации RCR
901 Тип документа __
t Тип документа b
w Контрольный № источника RU/CBS_UL/BASE/580326886
910 Корректоры записи __
a Корректор записи Библиотека 1
938 Служебная информация __
a Имя БД period